| Tag |
First Indicator |
Second Indicator |
Subfields |
| LEADER |
00000cam a2200000Ma 4500 |
| 001 |
in00002782787 |
| 005 |
20150922144640.0 |
| 008 |
120806s2012 it a 000 0 eng d |
| 020 |
|
|
|a 9788862082297 (hbk.)
|
| 020 |
|
|
|a 8862082290 (hbk.)
|
| 035 |
|
|
|a (OCoLC)ocn806494945
|
| 040 |
|
|
|a UKM
|c UKM
|d YDX
|d BWX
|d NLF
|d UtOrBLW
|
| 049 |
|
|
|a TXAM
|
| 082 |
0 |
|
|a 751.73
|2 23
|
| 090 |
|
|
|a ND623.R37
|b R3 2012
|
| 100 |
1 |
|
|a Bonini, Lorenzo.
|
| 245 |
1 |
0 |
|a Raptuz :
|b mother road /
|c Lorenzo Bonini.
|
| 246 |
3 |
0 |
|a Mother road
|
| 264 |
|
1 |
|a Bologna :
|b Damiani,
|c [2012]
|
| 264 |
|
4 |
|c ©2012
|
| 300 |
|
|
|a 141 pages :
|b illustrations ;
|c 24 cm.
|
| 336 |
|
|
|a text
|b txt
|2 rdacontent
|
| 337 |
|
|
|a unmediated
|b n
|2 rdamedia
|
| 338 |
|
|
|a volume
|b nc
|2 rdacarrier
|
| 650 |
|
0 |
|a Street art
|z Italy.
|
| 650 |
|
0 |
|a Graffiti artists
|z Italy.
|
| 945 |
|
|
|a PromptCat
|b 99167
|
| 946 |
|
|
|a stk
|
| 947 |
|
|
|a A14836006722
|
| 948 |
|
|
|a cataloged
|b h
|c 2012/11/29
|d c
|e dmitchel
|f 11:50:30 am
|
| 994 |
|
|
|a 92
|b TXA
|
| 999 |
|
|
|a MARS
|
| 999 |
f |
f |
|s e4e70383-006d-3c65-bccd-4275604c4e29
|i bc1d9e7e-26e6-3773-8a32-42b7db6b882c
|t 0
|
| 952 |
f |
f |
|p normal
|a Texas A&M University
|b College Station
|c Sterling C. Evans Library
|d Evans: Library Stacks
|t 0
|e ND623.R37 R3 2012 RAPTUZ
|h Library of Congress classification
|i unmediated -- volume
|m A14836006722
|
| 998 |
f |
f |
|a ND623.R37 R3 2012 RAPTUZ
|t 0
|l Evans: Library Stacks
|